00169nam a2200085Ia 4500100001100000654001000011245003500021260001500056546001200071 aFesto  aLogic aProgrammable Logic Controllers bnoneaNONE aENGLISH